Normal view
MARC view
- Differntial Equations
Entry Topical Term
001 - CONTROL NUMBER
- control field: 103260
003 - CONTROL NUMBER IDENTIFIER
- control field: NUST
005 - DATE AND TIME OF LATEST TRANSACTION
- control field: 20221121115844.0
008 - FIXED-LENGTH DATA ELEMENTS
- fixed length control field: 221121|| aca||aabn | a|a d
040 ## - CATALOGING SOURCE
- Original cataloging agency: NUST
- Transcribing agency: NUST
150 ## - HEADING--TOPICAL TERM
- Topical term or geographic name entry element: Differntial Equations
670 ## - SOURCE DATA FOUND
- Source citation: Work cat.: (NUST)182352: Agnew,Palmer Ralph 103259, Differntial Equations / , 1960
